000 nam a22 a 4500
999 _c4669
_d4669
003 AKMAL
005 20170727151221.0
008 170727t2017 my g l 000 0 may d
020 _cRM35.00
040 _aBNM
082 0 4 _a345.595064 MAL
090 0 0 _a345.595064
_bMAL
110 1 _aMalaysia,
_ejurisdiction governed.
_9400
245 1 0 _aAKTA IDENTIFIKASI ASID DEOKSIRIBONUKLEIK (DNA) 2009 DAN PERATURAN-PERATURAN (AKTA 699) :
_b(hingga September 2012) /
_cDisusun oleh :Penasihat Undang-Undang MDC
260 _aKuala Lumpur :
_bMDC Publishers ,
_c2017.
300 _a16 pages ;
_c27 cm.
490 1 _aUNDANG-UNDANG MALAYSIA
650 1 0 _aDNA data banks
_xLaw and legislation
_zMalaysia
_98454
650 2 0 _aDNA
_zMalaysia
_98455
830 0 _aUNDANG-UNDANG MALAYSIA
_98988
942 _2ddc
_cBOOK
950 _lAKMAL